| 000 | 00650nam a22002057a 4500 | ||
|---|---|---|---|
| 005 | 20250930115826.0 | ||
| 010 | _aENG-146899 | ||
| 020 |
_a9789370635883 _c475.00 |
||
| 035 | _aEN-130431 | ||
| 037 | _bDBAD | ||
| 082 |
_21 _a006.3 |
||
| 100 |
_aGurazada, Pavankumar _985301 |
||
| 245 |
_aArtificial Intelligence in Business/ _cPavankumar Gurazada [and] Seema Gupta |
||
| 250 | _a1 | ||
| 260 |
_aUttar Pradesh _bS. Chand Publishing _c2025 |
||
| 270 |
_aD-92, Sector-2, Noida _bUttar Pradesh _e201301 _k61-120-4682700 |
||
| 300 |
_a352p. _c24cm(pb) |
||
| 700 |
_aGupta, Seema _eAuthor _985299 |
||
| 942 |
_2ddc _cEN _h006.3 _mGUR |
||
| 999 |
_c213524 _d213524 |
||